|
|
|
|
| LEADER |
00000nta a2200000 i 4500 |
| 001 |
dolg5339 |
| 005 |
20160502102203.0 |
| 008 |
160502s2016 hu o 000 hun d |
| 040 |
|
|
|a BGE Dolgozattár Repozitórium
|b hun
|
| 041 |
|
|
|a hu
|
| 100 |
1 |
|
|a Berta Marcell
|
| 245 |
1 |
0 |
|a "Túlsúlyos-túlméretes áruk fuvarozása Magyarországon és Európa szerte közúton"
|c Berta Marcell
|h [elektronikus dokumentum]
|
| 246 |
1 |
1 |
|a "Túlsúlyos-túlméretes áruk fuvarozása Magyarországon és Európa szerte közúton"
|
| 260 |
|
|
|c 2016-05-01
|
| 516 |
|
|
|a Final_paper
|
| 695 |
|
|
|a túlsúlyos
|
| 695 |
|
|
|a túlméretes
|
| 700 |
1 |
|
|a Mosonyiné Ádám Gizella
|e ths
|
| 856 |
4 |
0 |
|u http://dolgozattar.uni-bge.hu/5339/10/T%C3%BAls%C3%BAlyos-t%C3%BAlm%C3%A9retes%20%C3%A1ruk%20fuvaroz%C3%A1sa%20Magyarorsz%C3%A1gon%20%C3%A9s%20Eur%C3%B3pa%20szerte%20k%C3%B6z%C3%BAton_BM.pdf
|z Dokumentum-elérés
|